National procurement strategy: research findings revealed (Record no. 117357)
[ view plain ]
| 000 -LEADER | |
|---|---|
| fixed length control field | 01521cam a2200277 4500 |
| 001 - CONTROL NUMBER | |
| control field | X126211 |
| 008 - FIXED-LENGTH DATA ELEMENTS--GENERAL INFORMATION | |
| fixed length control field | 040517n2004 000 0 eng u |
| 035 ## - SYSTEM CONTROL NUMBER | |
| System control number | (Sirsi) u126211 |
| 100 ## - MAIN ENTRY--PERSONAL NAME | |
| Personal name | Georgeson, R. |
| 245 ## - TITLE STATEMENT | |
| Title | National procurement strategy: research findings revealed |
| 260 ## - PUBLICATION, DISTRIBUTION, ETC. | |
| Date of publication, distribution, etc. | 2004 |
| 490 ## - SERIES STATEMENT | |
| Series statement | Wastes Management |
| Volume/sequential designation | April 2004, 10-11(2) |
| 520 ## - SUMMARY, ETC. | |
| Summary, etc. | Briefly examines the findings of a MORI survey on local authority procurement practice which provided insight into local authorities' attitudes to sustainable procurement. Government has recently advised councils to make sustainable procurement an essential part of good practice and to use their buying power to create markets for recycled materials. However, the poll found that some councils consider sustainable procurement as more essential than others. View "National procurement strategy for local government" at www.odpm.gov.uk. |
| 590 ## - LOCAL NOTE (RLIN) | |
| Local note | ABS |
| 590 ## - LOCAL NOTE (RLIN) | |
| Local note | ABS |
| 650 ## - SUBJECT ADDED ENTRY--TOPICAL TERM | |
| Topical term or geographic name entry element | LOCAL AUTHORITIES |
| 650 ## - SUBJECT ADDED ENTRY--TOPICAL TERM | |
| Topical term or geographic name entry element | SUSTAINABLE WASTE MANAGEMENT |
| 650 ## - SUBJECT ADDED ENTRY--TOPICAL TERM | |
| Topical term or geographic name entry element | SUSTAINABLE DEVELOPMENT |
| 650 ## - SUBJECT ADDED ENTRY--TOPICAL TERM | |
| Topical term or geographic name entry element | PROCUREMENT STRATEGIES |
| 650 ## - SUBJECT ADDED ENTRY--TOPICAL TERM | |
| Topical term or geographic name entry element | RECYCLED MATERIALS |
| 650 ## - SUBJECT ADDED ENTRY--TOPICAL TERM | |
| Topical term or geographic name entry element | ENVIRONMENTAL POLICIES |
| 690 ## - LOCAL SUBJECT ADDED ENTRY--TOPICAL TERM (OCLC, RLIN) | |
| Topical term or geographic name as entry element | LOCAL GOVERNMENT |
| 856 ## - ELECTRONIC LOCATION AND ACCESS | |
| Uniform Resource Identifier | <a href="https://www.odpm.gov.uk/stellent/groups/odpm_localgov/documents/page/odpm_locgov_023394.hcsp">https://www.odpm.gov.uk/stellent/groups/odpm_localgov/documents/page/odpm_locgov_023394.hcsp</a> |
| Public note | View the strategy on the ODPM website... |
| 856 ## - ELECTRONIC LOCATION AND ACCESS | |
| Uniform Resource Identifier | <a href="https://www.odpm.gov.uk/stellent/groups/odpm_localgov/documents/page/odpm_locgov_023394.hcsp">https://www.odpm.gov.uk/stellent/groups/odpm_localgov/documents/page/odpm_locgov_023394.hcsp</a> |
| Public note | View the strategy on the ODPM website... |
| 942 ## - ADDED ENTRY ELEMENTS (KOHA) | |
| Suppress in OPAC | 0 |
| Withdrawn status | Lost status | Source of classification or shelving scheme | Damaged status | Not for loan | Home library | Current library | Shelving location | Date acquired | Total Checkouts | Full call number | Barcode | Date last seen | Copy number | Price effective from | Koha item type |
|---|---|---|---|---|---|---|---|---|---|---|---|---|---|---|---|
| Dewey Decimal Classification | London | London | Journal article | 17/05/2004 | X126211 | 126211-1001 | 06/08/2019 | 1 | 06/08/2019 | Journal article |